Informe nacional de calidad ambiental urbana : (Registro nro. 19100)

Detalles MARC
000 -CABECERA
Campo de control 01166nam a2200277 a 4500
005 - FECHA Y HORA DE LA ULTIMA TRANSACCION
Campo de control 20200128111951.0
008 - ELEMENTOS DE LONGITUD FIJA—INFORMACION GENERAL
Campo de control 161024s2014 ck ad|||r|||| 00| 0 spa d
022 ## - ISSN
ISSN 25006339
040 ## - FUENTE DE CATALOGACIÓN
Agencia catalogadora original CO-BoIAVH
Agencia transcriptora CO-BoIAVH
041 0# - IDIOMA
Código de idioma para texto/pista de sonido o título separado Español
044 ## - PAÍS DE PUBLICACIÓN
País de publicación Colombia
082 04 - NUMERO DE CLASIFICACION DECIMAL DEWEY
Número de clasificación 577.56
Número del ítem C71i
110 1# - ASIENTO PRINCIPAL--NOMBRE CORPORATIVO
Nombre corporativo o de jurisdicción como elemento de entrada Colombia
Unidad subordinad Ministerio de Medio Ambiente y Desarrollo Sostenible
245 10 - MENCION DE TITULO
Título Informe nacional de calidad ambiental urbana :
Parte restante del título Áreas urbanas con población superior a 500.000 habitantes, 2013 /
Mención de responsabilidad Colombia Ministerio de Medio Ambiente y Desarrollo Sostenible
260 ## - PUBLICACION, DISTRIBUCION, ETC. (PIE DE IMPRENTA)
Lugar de publicación, distribución, etc. Bogotá, Colombia :
Nombre del editor, distribuidor, etc. Ministerio de Ambiente y Desarrollo Sostenible,
Fecha de publicación, distribución, etc. 2014.
300 ## - DESCRIPCION FISICA
Extensión 92 páginas :
Otros detalles físicos ilustraciones a color, tablas y gráficas ;
Dimensiones 28 x 22 cm.
504 ## - NOTA DE BIBLIOGRAFIA, ETC.
Nota de bibliografía Incluye referencias bibliográficas.
650 24 - ASIENTO SECUNDARIO DE MATERIA - TERMINO TEMATICO
Término temático o nombre geográfico como elemento de entrada Calidad ambiental
650 26 - ASIENTO SECUNDARIO DE MATERIA - TERMINO TEMATICO
Término temático o nombre geográfico como elemento de entrada Indicadores ecológicos
650 24 - ASIENTO SECUNDARIO DE MATERIA - TERMINO TEMATICO
Término temático o nombre geográfico como elemento de entrada Indice de calidad ambiental urbana
650 26 - ASIENTO SECUNDARIO DE MATERIA - TERMINO TEMATICO
Término temático o nombre geográfico como elemento de entrada Gestión ambiental
700 1# - ASIENTO SECUNDARIO - NOMBRE PERSONAL
Nombre personal Díaz Arteaga, Adriana
Término de relación autora
700 1# - ASIENTO SECUNDARIO - NOMBRE PERSONAL
Nombre personal Saldaña Barahona, Andrea
Término de relación autora
700 1# - ASIENTO SECUNDARIO - NOMBRE PERSONAL
Nombre personal Granados, Sandra
Término de relación autora
942 ## - ELEMENTOS ADICIONALES (KOHA)
Sistema de clasificación Dewey Decimal Classification
Tipo de ítem Libro
Existencias
Withdrawn status Lost status Sistema de Clasificación Damaged status No para préstamo Colección Inventariado Ubicación Permanente Ubicación actual Fecha de adquisición Fuente de Valor Valor Total Checkouts Número topográfico Inventario / Código de Barras Date last seen Ejemplar Price effective from Forma de adquisición Tipo de material
    Dewey Decimal Classification     General Inventariado 2017 Bogotá Bogotá 24/10/2016 Instituto 39000.00   LB-577.56 C71i 040783 24/10/2016 Ej. 1 24/10/2016 Donación Libro
    Dewey Decimal Classification     General   Bogotá Bogotá 28/01/2020       LB-577.56 C71i 043483 28/01/2020 Ej. 2 28/01/2020 Donación Libro